Logo BPK

Biblioteka

Politechniki Koszalińskiej

Wstęp do filozofii matematyki / (Rekord nr 11978)

Szczegóły MARC
000 -ETYKIETA REKORDU
podpole kontrolne o stałej długości 00971nam a2200265 i 4500
001 - NUMER KONTROLNY REKORDU
pole kontrolne 11978
003 - IDENTYFIKATOR NUMERU KONTROLNEGO REKORDU
podpole kontrolne KOSZ 005
005 - DATA OSTATNIEJ MODYFIKACJI REKORDU
podpole kontrolne 20200630132825.0
008 - POLE O STAŁEJ DŁUGOŚCI - DANE KONTROLNE
podpole kontrolne o stałej długości 081113s1958 pl f 001 0 pol
015 ## - NUMER BIBLIOGRAFII NARODOWEJ
Numer bibliografii narodowej PB 1958/7185
040 ## - ŹRÓDŁO KATALOGOWANIA
Instytucja, która sporządziła opis WA N
Instytucja, która utworzyła rekord KOSZ 005/KK
Instytucja, która dokonała modyfikacji KOSZ 005/KK
041 1# - KOD JĘZYKA
Kod języka tekstu pol
Kod języka oryginału eng
080 ## - UNIWERSALNA KLASYFIKACJA DZIESIĘTNA - UKD
UKD 51:16
100 1# - NAZWA OSOBOWA
Nazwa osobowa Russell, Bertrand
Daty związane z nazwą (1872-1970).
Określenie rodzaju współpracy Autor
245 10 - TYTUŁ/ODPOWIEDZIALNOŚĆ
Tytuł Wstęp do filozofii matematyki /
Pozostałe elementy strefy tytułu i oznaczenia odpowiedzialności Bertrand Russell ; tł. Czesław Znamierowski.
246 1# - WARIANT TYTUŁU
Treść wyrażenia wprowadzającego Tyt. oryg.:
Tytuł Introduction to mathematical philosophy.
260 ## - STREFA ADRESU WYDAWNICZEGO
Miejsce wydania Warszawa :
Nazwa wydawcy/dystrybutora Państwowe Wydawnictwo Naukowe,
Data publikacji, dystrybucji/powstania dokumentu 1958.
300 ## - STREFA OPISU FIZYCZNEGO
Objętość 308, [3] s. ;
Rozmiary 20 cm.
380 ## - FORMA I TYP PUBLIKACJI
Forma i typ publikacji Książki.
650 #4 - HASŁO PRZEDMIOTOWE W FORMIE NAZWY OGÓLNEJ LUB JEDNOSTKOWEJ
Nazwa ogólna lub geograficzna Matematyka
Określnik ogólny filozofia.
700 1# - HASŁO DODATKOWE - NAZWA OSOBOWA
Nazwa osobowa Znamierowski, Czesław
Daty związane z nazwą (1888-1967).
Określenie związku między hasłem a opisywanym materiałem Tłumacz
710 2# - HASŁO DODATKOWE - NAZWA CIAŁA ZBIOROWEGO
Nazwa ciała zbiorowego lub jednostki geograficznej Państwowe Wydawnictwo Naukowe
Kod określenia powiązania pbl.
856 ## - LOKALIZACJA I DOSTĘP DO ELEKTRONICZNYCH DOKUMENTÓW ZDALNYCH
Link (URL) http://koha.tu.koszalin.pl/cgi-bin/koha/opac-detail.pl?biblionumber=11978
Tekst linku Katalog online BPK
942 ## - DODATKOWE ELEMENTY (KOHA)
Schemat klasyfikacji Uniwersalna Klasyfikacja Dziesiętna
Typ dokumentu Książka
Egzemplarze
Wycofany Status egzemplarza Uszkodzony Dostępność Lokalizacja stała Lokalizacja bieżąca Miejsce przechowywania Sygnatura Kod kreskowy Typ dokumentu
      Dostępny Biblioteka Politechniki Koszalińskiej Biblioteka Politechniki Koszalińskiej Wypożyczalnia BG 5923 02208657 Książka
© 2023 Biblioteka Politechniki Koszalińskiej :: KOHA